1988 1088 1680 1181 1706 1830 1232 1324 1810 1851 1818 1712 1738 1419 1395 1936 1036 1441 1801 1762 1776 1123 1606 1733 1628 1228 1191 1950 1516 1219 1148 1293 1177 1902 1357 1485 1255 1141 1056 1277 1459 1130 1445 1579 1448 1872 1952 1782 1900 1107 1346 1390 1201 1462 1405 1943 1244 1514 1152 1650 1891 1197 1686 1973 1662 1842 1672 1609 1763 1130 1810 1032 1145 1743 1639 1900 1914 1372 1076 1185 1424 1745 1258 1970 1424 1189 1172 1287 1768 1616 1422 1936 1613 1936 1653 1426 1148 1173 1525 BCNSPRNW ULIB Ver.6.0+V

เปลี่ยนเป็นภาษาไทย

Change to English
 แสดงรายละเอียดบรรณานุกรม
  กลับหน้าหลัก

Brief Record : Get Marc (ISO 2709) : E-mail record : QR code < ปิดหน้าต่าง
LEADER : 00000nam 2200000uu 4500
001    13399123571
003     ULIB
008    141014s2536||||th 000 0 tha d
020    ^a97483624
060 04 ^aWY85^bน599ว
100 0  ^aฟาริดา อิบราฮิม
245 10 ^aนิเทศวิชาชีพและจริยศาสตร์สำหรับพยาบาล /^cฟาริดา อิบราฮิม
250    ^aพิมพ์ครั้งที่ 4
260    ^a[กรุงเทพฯ] :^bสามเจริญพาณิชย์,^c2536
300    ^a145 หน้า ;^c22 ซม.
650  7 ^aการพยาบาลนิเทศ
650  7 ^aการพยาบาล^xนิเทศ
650  7 ^aวิชาชีพพยาบาล
945    ^p75^l0^i004448
999    ^aเกษร โพธิ์สุวรรณ
รายการนี้ยังไม่มีแท็ก
คุณยังไม่ได้ล็อกอิน คุณสามารถมีกิจกรรมร่วมกับเว็บไซต์ได้ แต่ต้องล็อกอินก่อน ::
  ล็อกอิน

รายการสื่อสารสนเทศ

ลำดับที่ ประเภท เลขเรียก/บาร์โค้ด สถานที่ สถานะ
1. Book การพยาบาล
Book การพยาบาล
WY85 น599ว ฉ.1 
  Barcode: 004448
ห้องสมุดวิทยาเขตสวรรค์ประชารักษ์
►หนังสือทั่วไป
บนชั้น

รายการใกล้เคียง
    ผู้แต่ง [ฟาริดา อิบราฮิม]

    หัวเรื่อง [การพยาบาลนิเทศ]
    หัวเรื่อง [วิชาชีพพยาบาล]

BibComment


ยังไม่เคยถูกคอมเมนท์

คอมเมนท์ทรัพยากรรายการนี้
  คอมเมนท์: นิเทศวิชาชีพและจ..


 Copyright 2026. Bcnsprnw @Library